OSR Airport destination - Ostrava OSR/LKMT (Czechia) - Statistics

General Stats
  • This quiz has been taken 7 times
  • The average score is 17 of 27
Answer Stats
Operator Destination % Correct
Ryanair London (Stansted)
100%
LOT Warsaw
100%
Freebird Airlines / Smartwings / SunExpress / Tailwind Airlines Antalya
86%
Air 001 (Electra Airways) / Ryanair Sun / Smartwings Burgas
86%
Air 001 (Electra Airways / Smartwings Corfu
86%
Air 001 (Electra Airways) / Smartwings Heraklion
86%
Ryanair Sun / Smartwings Palma de Mallorca
86%
Air 001 (Electra Airways) / Smartwings Rhodes
86%
Air 001 (Electra Airways) / Smartwings Varna
86%
Smartwings Bodrum
71%
HelloJets / Smartwings Hurghada
71%
Smartwings Izmir
71%
Ryanair Malaga
71%
Air 001 (Electra Airways) Tirana
71%
Smartwings Zakynthos
71%
Smartwings Dalaman
57%
Air 001 (Electra Airways) / HelloJets / Smartwings Djerba
57%
Air 001 (Electra Airways) / Smartwings Kos
57%
Ryanair Girona
43%
Air 001 (Electra Airways) Kavala
43%
Smartwings Lamezia Terme
43%
Smartwings Monastir
43%
Smartwings Preveza
43%
HelloJets Enfidha
29%
Air 001 (Electra Airways) / HelloJets / Smartwings Marsa Alam
29%
Air 001 (Electra Airways) / Smartwings Marsa Matrouh
29%
Air 001 (Electra Airways) Vlora
0%
No matching quizzes found
Score Distribution
Percent of People with Each Score
Percentile by Number Answered
Your Score History
You have not taken this quiz